[Event "Madrid Codes Memorial 11th"]
[Site "Madrid"]
[Date "2017.05.28"]
[Round "7"]
[White "Iagar, Razvan Gabriel"]
[Black "Afana, Adham Jj"]
[Result "1/2-1/2"]
[WhiteElo "2150"]
[BlackElo "2086"]
[PlyCount "40"]
[EventDate "2017.04.02"]
[EventType "swiss"]
[EventRounds "9"]
[EventCountry "ESP"]
[SourceTitle "EXT 2019"]
[Source "ChessBase"]
[SourceDate "2018.10.10"]
[SourceVersion "1"]
[SourceVersionDate "2018.10.10"]
[SourceQuality "1"]

1. d4 d5 2. c4 c6 3. Nf3 Nf6 4. e3 Bf5 5. Nc3 e6 6. Be2 h6 7. 0-0 Be7 8. Bd3 Bxd3 9. Qxd3 0-0 10. Rd1 Nbd7 11. e4 dxe4 12. Nxe4 Nxe4 13. Qxe4 Nf6 14. Qe2 Qa5 15. b3 Rfd8 16. Bb2 Ba3 17. Bxa3 Qxa3 18. h3 a5 19. Rab1 Rd7 20. Ne5 Rdd8 1/2-1/2

[Event "Madrid-chT 1617"]
[Site "Madrid"]
[Date "2017.02.26"]
[Round "11.16"]
[White "Blanco Sanchez, Jose Fernando"]
[Black "Afana, Adham Jj"]
[Result "1/2-1/2"]
[WhiteElo "2025"]
[BlackElo "2080"]
[PlyCount "89"]
[EventDate "2016.11.20"]
[EventType "team-tourn"]
[EventRounds "14"]
[EventCountry "ESP"]
[SourceTitle "EXT 2018"]
[Source "ChessBase"]
[SourceDate "2017.10.13"]
[SourceVersion "1"]
[SourceVersionDate "2017.10.13"]
[SourceQuality "1"]
[WhiteTeam "Virgen de Atocha"]
[BlackTeam "Pueblo Nuevo"]
[WhiteTeamCountry "ESP"]
[BlackTeamCountry "ESP"]

1. e4 e6 2. d4 d5 3. Nc3 Nf6 4. Bg5 Be7 5. exd5 Nxd5 6. Bxe7 Qxe7 7. Bd3 0-0 8. Nge2 Nxc3 9. Nxc3 e5 10. dxe5 Qxe5+ 11. Qe2 Qxe2+ 12. Bxe2 Be6 13. 0-0-0 c6 14. Rhe1 Nd7 15. Bc4 Nc5 16. Bxe6 Nxe6 17. Rd7 Rab8 18. Ne4 Rfd8 19. Red1 Rxd7 20. Rxd7 Kf8 21. Nd6 Rd8 22. Rxd8+ Nxd8 23. Nf5 g6 24. Nd4 Ke7 25. Kd2 Kd6 26. Ke3 a6 27. f4 c5 28. Nf3 f6 29. Nd2 b6 30. Ne4+ Ke6 31. h3 Nc6 32. c3 Ne7 33. g3 h6 34. h4 Nd5+ 35. Kf3 f5 36. Nf2 c4 37. Nd1 b5 38. Ne3 Nxe3 39. Kxe3 Kd5 40. a3 a5 41. Kf3 Kd6 42. Ke3 Kc5 43. Kf3 b4 44. a4 bxc3 45. bxc3 1/2-1/2

[Event "Madrid Los Angeles op 10th"]
[Site "Madrid"]
[Date "2016.04.03"]
[Round "1"]
[White "Afana, Adham Jj"]
[Black "Barragan Panal, Juan Jose"]
[Result "1-0"]
[WhiteElo "2104"]
[BlackElo "1676"]
[PlyCount "101"]
[EventDate "2016.04.03"]
[EventType "swiss"]
[EventRounds "9"]
[EventCountry "ESP"]
[SourceTitle "CBM 172 Extra"]
[Source "ChessBase"]
[SourceDate "2016.06.21"]
[SourceVersion "1"]
[SourceVersionDate "2016.06.21"]
[SourceQuality "1"]

1. e4 c6 2. d4 d5 3. Nc3 dxe4 4. Nxe4 Bf5 5. Ng3 Bg6 6. Nf3 Nd7 7. h4 h6 8. h5 Bh7 9. Bd3 Bxd3 10. Qxd3 Ngf6 11. Bd2 e6 12. 0-0-0 Qc7 13. Kb1 Bd6 14. Ne2 Ng4 15. Be3 0-0-0 16. c4 Nxe3 17. fxe3 Nf6 18. Nc3 Kb8 19. e4 Ng4 20. Qe2 f5 21. Nh4 Rhe8 22. Ng6 Bb4 23. Rh3 Bxc3 24. Rxc3 c5 25. d5 exd5 26. cxd5 Nf6 27. e5 Rxd5 28. Rxd5 Nxd5 29. Rd3 Nb4 30. Rf3 Qd7 31. a3 Nc6 32. Rf1 Nd4 33. Qc4 Qb5 34. Qxb5 Nxb5 35. Rxf5 Nd4 36. Rf1 a6 37. Kc1 Ka7 38. Kd2 Kb6 39. Ke3 Kc6 40. Ke4 a5 41. Nf4 b5 42. b4 axb4 43. axb4 Ne6 44. Nxe6 Rxe6 45. bxc5 Kxc5 46. Rc1+ Kb6 47. Kd5 Re8 48. e6 Rd8+ 49. Ke5 Rd2 50. e7 b4 51. Re1 1-0

[Event "Madrid Codes Memorial 9th"]
[Site "Madrid"]
[Date "2015.05.17"]
[Round "6"]
[White "Lobato Rivero, Carlos"]
[Black "Afana, Adham Jj"]
[Result "0-1"]
[WhiteElo "2030"]
[BlackElo "2009"]
[PlyCount "64"]
[EventDate "2015.03.29"]
[EventType "swiss"]
[EventRounds "9"]
[EventCountry "ESP"]
[SourceTitle "EXT 2019"]
[Source "ChessBase"]
[SourceDate "2018.10.10"]
[SourceVersion "1"]
[SourceVersionDate "2018.10.10"]
[SourceQuality "1"]

1. e4 c6 2. Nf3 d5 3. Nc3 dxe4 4. Nxe4 Bf5 5. Ng3 Bg6 6. d4 Nf6 7. Bc4 e6 8. 0-0 Nh5 9. Ne5 Nxg3 10. fxg3 Be7 11. Be3 Nd7 12. Nxg6 hxg6 13. Qf3 0-0 14. Rae1 Nb6 15. Bb3 a5 16. a3 a4 17. Ba2 Nd5 18. Bc1 Bf6 19. c3 Rc8 20. Re4 b5 21. h4 c5 22. dxc5 Rxc5 23. h5 gxh5 24. Be3 Nxe3 25. Qxe3 Rg5 26. Kh2 Qc7 27. Bb1 Rd8 28. Ref4 Be5 29. Rxf7 Rxg3 30. Bh7+ Kxh7 31. Qe4+ Rg6+ 32. Kh1 Qxf7 0-1